000 00771nam a22002297a 4500
999 _c3254
_d3254
003 OSt
005 20231109113120.0
008 231109b ||||| |||| 00| 0 eng d
020 _a9789670683522
040 _cKH8
082 _a400 ZUL
100 _aZulkifli Rahman,
_eauthor.
245 _aPelajar yang Berani /
_cZulkifli Rahman.
260 _aKuala Lumpur ;
_bPustaka Akal Ilmu,
_c2019.
300 _a24 pages :
_bcolor illustrations ;
_c19 cm x 26 cm.
440 _aSiri Bentuk Disiplin
520 _aDisiplin membentuk kita menjadi insan yang berguna. Semoga amalan disiplin menjadi tonggak dalam hidup kita.
650 _aMalay language
_vForeign language
650 _aMoral story language
_vYoung readers
830 _aSiri Bentuk Disiplin
942 _2ddc
_cTR